| 000 | 01540nam a2200241Ia 4500 | ||
|---|---|---|---|
| 003 | Ost | ||
| 005 | 20260416102353.0 | ||
| 008 | 260416s9999||||xx |||||||||||||| ||und|| | ||
| 040 | _cfsecg | ||
| 041 | _aara | ||
| 082 | _a350 | ||
| 100 |
_aمقدم، علال _eمؤلف |
||
| 245 | 0 |
_aمقياس الإدارة الإستراتيجية : _bأعمال موجهة / _c علال مقدم |
|
| 260 |
_aالجزائر _bجامعة الجزائر3: كلية العلوم الإقتصادية، العلوم التجارية وعلوم التسيير _c2018 |
||
| 300 |
_a81 ورقة _bايضاحات _c30 سم |
||
| 504 | _aمراجع .ص.77 | ||
| 520 | _aتحديد عناصر الاتجاه الاستراتيجي، التجزئى الاستراتيجية، التشخيص الاستراتيجي: البيئة الخارجية العامة، التشخيص الاستراتيجي: البيئة الخارجية الخاصة، المجموعات الاستراتيجية، التشخيص الاستراتيجي: البيئة الداخلية: سلسلة القيمة، تشخيص البيئة الداخلية مدخل الموارد والكفاءات، تحليل الاستراتيجي، التحليل الاستراتيجي: مصفوقة BCG. | ||
| 653 | _aادارة أعمال | ||
| 653 | _aالادارة | ||
| 653 | _aالاستراتيجية | ||
| 710 |
_aجامعة الجزائر3: كلية العلوم الإقتصادية، العلوم التجارية وعلوم التسيير _eناشر علمي |
||
| 942 | _cHANDOUT | ||
| 999 |
_c41092 _d41092 |
||